000 00520nam a2200217Ia 4500
003 OSt
005 20240415150524.0
008 210210b1996 xxu||||| |||| 00| 0 eng d
040 _aAL
_c
041 _aEnglish
082 _a657.044 RAMA
100 _aRAMAN (B S)
_916358
245 _aAccountancy V2 II PUC
260 _aMangalore
_bUnited Publishers
_c1996
300 _a909
440 _a2
_916359
650 _aAccountancy II PUC
_916360
690 _aAccountancy
_916361
906 _a051022
942 _2ddc
_cBK
999 _c99357
_d99357